Cyclisme : Top 20 des Strade Bianche 2025 - Statistiques

Statistiques générales
  • Ce quiz a été pris 108 fois
  • Le résultat moyen est 7 sur 20
Statistiques - réponses
Position Equipe Coureur % Correct
1er UAE Team Emirates Tadej Pogacar
100%
2eme Q36.5 Thomas Pidcock
96%
3eme UAE Team Emirates Tim Wellens
76%
4eme EF Education - Easy Post Ben Healy
71%
5eme Bahrain Victorious Pello Bilbao
46%
18eme UAE Team Emirates Florian Vermeersch
39%
7eme Alpecin-Deceuninck Gianni Vermeersch
39%
9eme Lotto Lennert Van Eetvelt
39%
20eme Arkéa - B&B Hotels Kevin Vauquelin
38%
6eme Uno-X Mobility Magnus Cort Nielsen
32%
11eme Soudal - Quick Step Mikel Landa
25%
10eme RedBull - Bora-Hansgrohe Roger Adria
21%
13eme Ineos Grenadiers Connor Swift
20%
12eme Lidl - Trek Toms Skujins
18%
17eme Decathlon AG2R La Mondiale Jordan Labrosse
13%
19eme Groupama-FDJ Lewis Askey
11%
8eme EF Education - Easy Post Michael Valgren
11%
15eme Alpecin-Deceuninck Quinten Hermans
11%
16eme Decathlon AG2R La Mondiale Andrea Vendrame
9%
14eme Movistar Davide Formolo
5%
Aucun quiz correspondant
Distribution des résultats
% des personnes avec chaque résultat
Percentile par nombre de réponses
Votre historique - résultats
Vous n’avez pas pris ce quiz